000 00722nam a2200289Ia 4500
005 20260324135824.0
008 008 260324s9999 xx 000 0 eng d
020 _a9781315027692
037 _aEBOOK
040 _aCRL
040 _beng
040 _cCRL
041 _2eng
041 _aeng
084 _qCRL
100 _aPaul Ingram; Sallie B. King
_91202052
245 4 _aThe Sound of Liberating Truth
245 0 _bBuddhist-Christian Dialogues in Honor of Frederick J. Streng
260 _bTaylor and Francis
260 _c1999
365 _a
365 _b230
856 _uhttp://www.taylorfrancis.com/books/9781315027692
942 _cEBOOK
999 _c1803517
_d1803517